Spatial information theory : foundations of geographic information science : international conference, COSIT 2001, Morro Bay, CA, USA, September 19-23, 2001 : proceedings
Αποθηκεύτηκε σε:
| Συγγραφή απο Οργανισμό/Αρχή: | |
|---|---|
| Άλλοι συγγραφείς: | |
| Μορφή: | Πρακτικό Συνεδρίου Βιβλίο |
| Γλώσσα: | English |
| Δημοσίευση: |
Berlin; Heidelberg; New York :
Springer-Verlag,
c2001
|
| Σειρά: | Lecture notes in computer science ;
; 2205 |
| Θέματα: | |
| Ετικέτες: |
Προσθήκη ετικέτας
Δεν υπάρχουν, Καταχωρήστε ετικέτα πρώτοι!
|
MARC
| LEADER | 00000nam a2200000 i 4500 | ||
|---|---|---|---|
| 001 | 1/35767 | ||
| 008 | 030513s2001 eng d | ||
| 020 | |a 3-540-42613-2 | ||
| 035 | |l 10069936 | ||
| 040 | |a GR-MY-UA |b gre |e aacr | ||
| 041 | 0 | |a eng | |
| 082 | 0 | |a 910.285 |2 (21) | |
| 245 | 1 | 0 | |a Spatial information theory : |b foundations of geographic information science : international conference, COSIT 2001, Morro Bay, CA, USA, September 19-23, 2001 : proceedings / |c Daniel R. Montello (Ed.) |
| 260 | |a Berlin; Heidelberg; New York : |b Springer-Verlag, |c c2001 | ||
| 300 | |a xiv, 502 σ.; |b εικ.; |c 24 εκ. | ||
| 490 | 1 | |a Lecture notes in computer science |v ; 2205 |x 0302-9743 | |
| 504 | |a Περιέχει βιβλιογραφία και ευρετήριο | ||
| 650 | 0 | 0 | |a Geographic information systems |v Congresses. |
| 700 | 1 | |a Montello, Daniel R. |d 1959- |4 edt | |
| 711 | 2 | |a COSIT 2001 |d (2001: |c Morro Bay, Calif.) | |
| 830 | 0 | |a Lecture notes in computer science ; |v ; 2205 |x 0302-9743 | |
| 852 | |a INST |b LESVOS |e 20030513 |h 910.285 SPA |p 005100026854 |q 005100026854 |t BK |y 0 | ||
| 901 | |a BIBL1-2003-3 | ||
| 909 | |a Λ |b 104444 | ||
| 922 | |a 1ΕΛΗ |b 200303 |c ΕΠΕΑΕΚ2/ΤΓ |d ΠΑΠΑΣΩΤΗΡΙΟΥ & ΕΛΕΥΘΕΡΟΥΔΑΚΗΣ | ||
| 950 | |a 118-2002-10-05 | ||
| 970 | |a ΧΡΙΣΤΟΦΑ |b ΝΙΚΗ |z 2003/09/02 | ||